00493nam a22001457a 4500008004100000040001800041041000800059100004100067245005300108260005300161300001800214600004200232600005600274650001700330130821s1925 fr gr dfre  aCo-BoUCMbspa00afre aChesterton, Gilbert Keithd1874-193600aSaint Franois D'AssisecGilbert Keith Chesterton aParís (Francia)bEd. Plon-Nourrit et Ciec1925 a242 páginas aFrancisco de AsíscSantod1182-1226 aFrancisco de AsíscSantod1182-1226vBiografías04aBiografías